000 00266nam a22001217a 4500
008 181107b xxu||||| |||| 00| 0 eng d
041 _aeng
080 _25 TH
_a610
100 _a3
101 _aSHM
245 _aPhysical Rehabilation
_cSusan,B.S
942 _2udc
_cBK
999 _c52134
_d52134